Computer fundamentals : (Record no. 9754)

MARC details
000 -LEADER
fixed length control field 00581cam a2200205ua 4500
008 - FIXED-LENGTH DATA ELEMENTS--GENERAL INFORMATION
fixed length control field 190628n ii |||gr||||Z||||||eng
020 ## - INTERNATIONAL STANDARD BOOK NUMBER
International Standard Book Number 9788176567527
040 ## - CATALOGING SOURCE
Transcribing agency MAIN
041 ## - LANGUAGE CODE
-- eng
082 ## - DEWEY DECIMAL CLASSIFICATION NUMBER
Classification number 004
245 ## - TITLE STATEMENT
Title Computer fundamentals :
Remainder of title concepts, systems and applications /
Statement of responsibility, etc. By Pradeep K sinha and Priti Sinha.
250 ## - EDITION STATEMENT
Edition statement 1st rep.
260 ## - PUBLICATION, DISTRIBUTION, ETC.
Place of publication, distribution, etc. New Delhi:
Name of publisher, distributor, etc. BPB publications,
Date of publication, distribution, etc. 2017.
300 ## - PHYSICAL DESCRIPTION
Extent 490p.
700 ## - ADDED ENTRY--PERSONAL NAME
Personal name Pradeep K Sinha,
Relator term
700 ## - ADDED ENTRY--PERSONAL NAME
Personal name Priti Sinha,
Relator term
942 ## - ADDED ENTRY ELEMENTS (KOHA)
Koha item type Books
653 ## - INDEX TERM--UNCONTROLLED
Uncontrolled term Data processing & computer science
Holdings
Withdrawn status Lost status Damaged status Not for loan Home library Current library Shelving location Date acquired Total Checkouts Full call number Barcode Date due Date last seen Date last checked out Copy number Price effective from Koha item type
        Naharkatiya College Library Naharkatiya College Library General Stacks 19/09/2020 9 004Computer fundamentals | SIN 24731 29/11/2021 12/11/2021 12/11/2021 1 19/09/2020 Books
        Naharkatiya College Library Naharkatiya College Library General Stacks 19/09/2020 5 004Computer fundamentals | SIN 24732 17/03/2021 02/03/2021 02/03/2021 2 19/09/2020 Books

Naharkatiya College © 2020. All rights reserved.

Powered By